Využitie technológií Industry 4.0 vo výrobných procesoch
Štvrtá priemyselná revolúcia (Priemysel 4.0) a jej rozvoj výrazne ovplyvnili rozvoj informačných a komunikačných technológií a integráciu inovatívnych technológií. Priemysel 4.0 sa vyznačuje plnou integráciou informačných a komunikačných technológií, digitalizáciou, virtualizáciou a implementáciou p...
Guardado en:
| Autor principal: | |
|---|---|
| Otros Autores: | |
| Formato: | Capítulo de libro |
| Lenguaje: | eslovaco |
| Materias: | |
| Etiquetas: |
Sin Etiquetas, Sea el primero en etiquetar este registro!
|
MARC
| LEADER | 00000naa$a2200000$$$4500 | ||
|---|---|---|---|
| 001 | 0289946 | ||
| 005 | 20240521095618.0 | ||
| 041 | 0 | |a slo | |
| 044 | |a SK | ||
| 245 | 1 | 0 | |a Využitie technológií Industry 4.0 vo výrobných procesoch |c Vladimír Bolek, Oleksandr Lysiuk |
| 520 | |a Štvrtá priemyselná revolúcia (Priemysel 4.0) a jej rozvoj výrazne ovplyvnili rozvoj informačných a komunikačných technológií a integráciu inovatívnych technológií. Priemysel 4.0 sa vyznačuje plnou integráciou informačných a komunikačných technológií, digitalizáciou, virtualizáciou a implementáciou prvkov rozšírenej reality. Vedecký článok predstavuje technológie štvrtej priemyselnej revolúcie používané podnikmi a konkrétne poukazuje na ich využitie vo výrobných procesoch. | ||
| 610 | 2 | 0 | |a priemysel 4.0 |
| 610 | 2 | 0 | |a technológie informačné |
| 610 | 2 | 0 | |a výroba |
| 610 | 2 | 0 | |a zariadenia výrobné |
| 610 | 2 | 0 | |a internet vecí |
| 100 | 1 | |a Bolek, Vladimír, 1988- | |
| 700 | 1 | |a Lysiuk, Oleksandr | |